Buil environment 2050 (Record no. 115379)

MARC details
000 -LEADER
fixed length control field 01267cad a2200217 4500
001 - CONTROL NUMBER
control field L158554
008 - FIXED-LENGTH DATA ELEMENTS--GENERAL INFORMATION
fixed length control field 110505u2014 000 0 eng u
035 ## - SYSTEM CONTROL NUMBER
System control number (Sirsi) u158554
041 0# - LANGUAGE CODE
Language code of text/sound track or separate title eng
110 2# - MAIN ENTRY--CORPORATE NAME
Corporate name or jurisdiction name as entry element Construction Industry Council
9 (RLIN) 2417
245 ## - TITLE STATEMENT
Title Buil environment 2050
Remainder of title A report on our digital future
Medium [electronic resource]
260 ## - PUBLICATION, DISTRIBUTION, ETC.
Place of publication, distribution, etc. London
Name of publisher, distributor, etc. Construction Industry Council
Date of publication, distribution, etc. 2014
520 ## - SUMMARY, ETC.
Summary, etc. Illustrates the need for organisations to consider new skills, new processes and develop strategies around emerging technologies that will ensure that the UK stays at the vanguard of construction in a digital future. The report comprises a compilation of essays authored by BIM2050 work stream leads, and focuses on three key areas education and skills, technology and process and the culture of integration. It highlights the risks and challenges, and the opportunities and benefits that come with large scale innovation and game-changing new technologies.
590 ## - LOCAL NOTE (RLIN)
Local note KA NTK
650 ## - SUBJECT ADDED ENTRY--TOPICAL TERM
Topical term or geographic name entry element TECHNOLOGY
650 24 - SUBJECT ADDED ENTRY--TOPICAL TERM
Topical term or geographic name entry element INTEGRATION
650 ## - SUBJECT ADDED ENTRY--TOPICAL TERM
Topical term or geographic name entry element CAREERS, EDUCATION AND TRAINING
651 #4 - SUBJECT ADDED ENTRY--GEOGRAPHIC NAME
Geographic name United Kingdom
Chronological subdivision
856 40 - ELECTRONIC LOCATION AND ACCESS
Uniform Resource Identifier <a href="https://cic.org.uk/download.php?f=be2050-cic-bim2050-2014-1.pdf">https://cic.org.uk/download.php?f=be2050-cic-bim2050-2014-1.pdf</a>
Public note View this item free of charge at www.cic.org.uk
942 ## - ADDED ENTRY ELEMENTS (KOHA)
Suppress in OPAC 0
Holdings
Withdrawn status Lost status Source of classification or shelving scheme Damaged status Not for loan Home library Current library Shelving location Date acquired Total Checkouts Full call number Barcode Date last seen Copy number Price effective from Koha item type
    Dewey Decimal Classification     Virtual Virtual Online 21/04/2015   ONLINE PUBLICATION 158554-2001 06/08/2019 1 06/08/2019 Book